000
00205 a2200097 4500
001
3562
100
_a
Spearman, C
245
_a
Measure of Intelligence" A"
260
_a
_b
Methuen
_c
090
_c
2826
_d
2826
942
_a
NUST-CAE
_c
M
_c
20291
999
_c
238635
_d
238635